Pautas fiscales y legales Economa̕ de opcin̤ para permanecer en el mercado competitivo /

Bibliographic Details
Main Author: Orozco Loya, Carlos
Format: eBook
Language:Spanish
Subjects:
Online Access:Acceso restringido

MARC

LEADER 00000nam a22000007a 4500
005 20181110205725.0
007 cr|||| ||||
008 181110s2018 mx |||||s|||| 00||0 spa d
020 |a 978-607-474-066-0 
035 |a 22114 
040 |a vLex 
090 |c 8302  |d 8302 
100 1 |a Orozco Loya, Carlos 
245 1 0 |a Pautas fiscales y legales  |h [Recurso electrn̤ico] :  |b Economa̕ de opcin̤ para permanecer en el mercado competitivo /  |c Carlos Orozco Loya 
256 |a Servicio en ln̕ea 
300 |a 1 recurso electrn̤ico 
506 1 |a Disponible solo en los productos indicados  |d vLex Global  |d vLex Global (Academic Edition, excluding Law Schools)  |d vLex Global (U.S. Academic Edition, Law Schools)  |d vLex Global (U.S. Academic Edition, excluding Law Schools)  |d vLex Global (Academic Edition, Law Schools) 
650 0 4 |a Derecho Fiscal  |z Mx̌ico 
740 0 |a vLex Libros (Servicio en ln̕ea) 
856 4 0 |u http://vlex.com/source/pautas-fiscales-legales-22114  |z Acceso restringido 
942 |c BOOK 
999 0 |a Tax Law